Personnages célèbres - Série 33 - Statistiques

Statistiques générales
  • Ce quiz a été pris 202 fois
  • Le résultat moyen est 8 sur 15
Statistiques - réponses
Par images Réponse % Correct
François Mitterrand
91%
Angelina Jolie
88%
Bourvil
85%
Sylvie Joly
81%
Nicolas Canteloup
77%
David Pujadas
65%
Laurent Baffie
65%
Sylvie Vartan
60%
Maximilien Robespierre
57%
Dominique Strauss-Kahn
56%
Edith Cresson
33%
Dino Zoff
19%
Marie Laure Augry
19%
Pierre Bonte
17%
Hélène Boucher
1%
Aucun quiz correspondant
Distribution des résultats
% des personnes avec chaque résultat
Percentile par nombre de réponses
Votre historique - résultats
Vous n’avez pas pris ce quiz